Rohy /

Hororový thriller je příběhem muže, který se rozhodne vypátrat vraha své životní lásky. Pomoci mu v tom mají nově objevené nadpřirozené schopnosti.

Hlavní autor: Hill, Joe, 1971-
Další autoři: Bartlová, Adéla, 1983-
Jazyk: Čeština
Vydáno: Praha : Pavel Dobrovský - Beta s.r.o., 2022
Vydání: Vydání druhé
Témata:
Fyzický popis: 306 stran ; 21 cm
Knihy
Uloženo v:
LEADER 02475nam a2200481 i 4500
001 nkc20223471581
003 CZ PrNK
005 20230110174830.0
007 ta
008 221208s2022 xr g 000 f cze
015 |a cnb003471581 
020 |a 978-80-7593-428-4  |q (vázáno) 
035 |a (OCoLC)1369539807 
040 |a ABG001  |b cze  |d ABA001  |e rda 
041 1 |a cze  |h eng 
072 7 |a 821.111(73)-3  |x Americká próza  |2 Konspekt  |9 25 
080 |a 821.111(73)-31  |2 MRF 
080 |a (0:82-312.9)  |2 MRF 
080 |a (0:82-312.4)  |2 MRF 
100 1 |a Hill, Joe,  |d 1971-  |7 xx0067929  |4 aut 
240 1 0 |a Horns.  |l Česky 
245 1 0 |a Rohy /  |c Joe Hill ; z anglického originálu Horns ... přeložila Adéla Bartlová 
250 |a Vydání druhé 
264 1 |a Praha :  |b Pavel Dobrovský - Beta s.r.o.,  |c 2022 
300 |a 306 stran ;  |c 21 cm 
336 |a text  |b txt  |2 rdacontent 
337 |a bez média  |b n  |2 rdamedia 
338 |a svazek  |b nc  |2 rdacarrier 
520 2 |a Hororový thriller je příběhem muže, který se rozhodne vypátrat vraha své životní lásky. Pomoci mu v tom mají nově objevené nadpřirozené schopnosti.  |b Před rokem přišel Iggy Perrish o jediného člověka, kterého skutečně miloval. Ráno po prvním výročí té strašné události se probouzí s kocovinou - a s rohy na čele. Stal se z něj děsivý ďábel, za kterého už ho stejně mnozí mají? Iggy záhy zjišťuje, že k rohům dostal i zvláštní schopnosti, s jejichž pomocí dokáže odhalit zlo, jež ho připravilo o jeho lásku. Hranice mezi andělem a ďáblem je však nebezpečně tenká a nejkrutější pravda se skrývá tam, kde by ji nikdo nehledal. Příběh o lásce, pomstě a temných stránkách lidské duše se vine jako cesta krajinou plnou překvapení a nečekaných zvratů, z nichž největší čeká samozřejmě na konci. Nakladatelská anotace. Kráceno. 
655 7 |a americké romány  |7 fd131796  |2 czenas 
655 7 |a fantasy romány  |7 fd184199  |2 czenas 
655 7 |a horory (romány)  |7 fd184202  |2 czenas 
655 9 |a American fiction  |2 eczenas 
655 9 |a fantasy novels  |2 eczenas 
655 9 |a horror novels  |2 eczenas 
700 1 |a Bartlová, Adéla,  |d 1983-  |7 mzk2006323999  |4 trl 
910 2 |a BOA001  |b 2-1499.718 
920 |a 4682052  |z ABG001 
928 9 |a Beta 
990 |a BK 
995 |a 01 
991 |b 202301  |c NOV 
996 6 |b 2610924844  |c 2-1499.718  |l MZK  |r Sklad / do 1 hodiny  |n 0  |p p.v.  |w 001908581  |u 000010  |a 1  |e BOA001  |j MZK50  |s P